Contraseña /
El documento consiste en un manual acerca de las condiciones de los infantes, de la pedagogía y de la defensa de sus derechos, que sirva como una guía para que los propios jóvenes se puedan defender y hacer valer sus derechos.
Guardat en:
| Autor principal: | |
|---|---|
| Altres autors: | |
| Format: | Llibre |
| Idioma: | Spanish |
| Publicat: |
Costa Rica:
Lara Segura y Asociados
2012
|
| Matèries: | |
| Etiquetes: |
Afegir etiqueta
Sense etiquetes, Sigues el primer a etiquetar aquest registre!
|
MARC
| LEADER | 00000nam a22000007a 4500 | ||
|---|---|---|---|
| 003 | cru CIDCACS/IIS | ||
| 005 | 20230619094327.0 | ||
| 008 | 230613e2012 cr ||||| |||| 00| 0 spa d | ||
| 040 | |c CRAI/IIS | ||
| 090 | |a 04.02.01 C335c | ||
| 100 | |9 11447 |a Casas, Alicia | ||
| 245 | |a Contraseña / |c Alicia Casas y Nora Redaelli | ||
| 260 | |a Costa Rica: |b Lara Segura y Asociados |c 2012 | ||
| 300 | |a 115 páginas | ||
| 520 | 3 | |a El documento consiste en un manual acerca de las condiciones de los infantes, de la pedagogía y de la defensa de sus derechos, que sirva como una guía para que los propios jóvenes se puedan defender y hacer valer sus derechos. | |
| 650 | 0 | 0 | |0 TESAUROS |9 978 |a JUVENTUD |
| 650 | 0 | 0 | |9 6358 |a DERECHOS DEL NIÑO |
| 650 | 0 | 0 | |9 38 |a DERECHOS HUMANOS |
| 700 | |9 11448 |a Redaelli, Nora | ||
| 942 | |2 ddc |c LI |h 04.02.01 C335c |i 13923 |6 040201_C335C_13923 | ||
| 999 | |c 45074 |d 45074 | ||
